000 01031cam a22002771 4500
001 sa 68010063
003 DLC
005 20260227112549.0
008 710915s1968 ii ac b 000 0 eng
010 _asa 68010063
025 _aPL480:I-E-10840
040 _aDLC
_cDLC
_dDLC
041 0 _aengtam
043 _aa-ii---
050 0 0 _aPL4758
_b.S6
082 0 0 _a894/.811/09
100 1 _aSomasundaram Pillai, J. M.,
_d1892-
245 1 2 _aA history of Tamil literature with texts and translations from the earliest times to 600 A.D.,
_cby J. M. Somasundaram Pillai. With a foreword and An introduction to a history of Tamil language by T. P. Meenakshisundaranar.
260 _aAnnamalainagar,
_c1968.
300 _av, xxv, 424 p.
_billus., ports.
_c23 cm.
350 _aRs15.00
_a($4.00)
500 _aEnglish and Tamil.
504 _aBibliography: p. [420]
650 0 _aTamil literature
_xHistory and criticism.
700 1 2 _aMīn̲āṭcicuntaran̲ār, Te. Po.,
_d1901-1980.
_tIntroduction to a history of Tamil language.
999 _c83306
_d83306